[Event "Otvoreno prvenstvo Paraæina za 2012. god"]
[Site "DCK - Paraæin"]
[Date "2012.01.29"]
[Round "9.3"]
[White "Brankovic, Dejan"]
[Black "Grujic, Nebojsa"]
[Result "1-0"]
[WhiteElo "2350"]
[BlackElo "2160"]
[PlyCount "53"]
[EventDate "2012.01.20"]

1. Nf3 {[%emt 0:00:00]} Nf6 {[%emt 0:00:00]} 2. g3 {[%emt 0:00:00]} g6 {[%emt
0:00:00]} 3. Bg2 {[%emt 0:00:00]} Bg7 {[%emt 0:00:00]} 4. O-O {[%emt 0:00:00]}
O-O {[%emt 0:00:00]} 5. c4 {[%emt 0:00:00]} d6 {[%emt 0:00:00]} 6. d3 {[%emt 0:
00:00]} e5 {[%emt 0:00:00]} 7. Nc3 {[%emt 0:00:00]} c5 {[%emt 0:00:00]} 8. a3 {
[%emt 0:00:00]} Nc6 {[%emt 0:00:00]} 9. Rb1 {[%emt 0:00:00]} Bd7 {[%emt 0:00:
00]} 10. b4 {[%emt 0:00:00]} b6 {[%emt 0:00:00]} 11. Bd2 {[%emt 0:00:00]} Rb8 {
[%emt 0:00:00]} 12. Ng5 {[%emt 0:00:00]} h6 {[%emt 0:00:00]} 13. Nge4 {[%emt 0:
00:00]} Nxe4 {[%emt 0:00:00]} 14. Nxe4 {[%emt 0:00:00]} Qe7 {[%emt 0:00:00]}
15. b5 {[%emt 0:00:00]} Nd4 {[%emt 0:00:00]} 16. e3 {[%emt 0:00:00]} Ne6 {
[%emt 0:00:00]} 17. Nc3 {[%emt 0:00:00]} Nc7 {[%emt 0:00:00]} 18. a4 {[%emt 0:
00:00]} Bc8 {[%emt 0:00:00]} 19. Ra1 {[%emt 0:00:00]} Bb7 {[%emt 0:00:00]} 20.
Bxb7 {[%emt 0:00:00]} Rxb7 {[%emt 0:00:00]} 21. Qf3 {[%emt 0:00:00]} Rbb8 {
[%emt 0:00:00]} 22. a5 {[%emt 0:00:00]} f5 {[%emt 0:00:00]} 23. axb6 {[%emt 0:
00:00]} axb6 {[%emt 0:00:00]} 24. Ra7 {[%emt 0:00:00]} Rfc8 {[%emt 0:00:00]}
25. Qc6 {[%emt 0:00:00]} Bf8 {[%emt 0:00:00]} 26. Nd5 {[%emt 0:00:00]} Nxd5 {
[%emt 0:00:00]} 27. Qxd5+ {[%emt 0:00:00]} 1-0

[Event "Otvoreno prvenstvo Paraæina za 2012. god"]
[Site "DCK - Paraæin"]
[Date "2012.01.29"]
[Round "9.5"]
[White "Radovic, Janko"]
[Black "Garic, Radomir"]
[Result "0-1"]
[WhiteElo "2033"]
[BlackElo "2274"]
[PlyCount "124"]
[EventDate "2012.01.20"]

1. e4 {[%emt 0:00:00]} c5 {[%emt 0:00:00]} 2. c3 {[%emt 0:00:00]} d5 {[%emt 0:
00:00]} 3. exd5 {[%emt 0:00:00]} Qxd5 {[%emt 0:00:00]} 4. d4 {[%emt 0:00:00]}
cxd4 {[%emt 0:00:00]} 5. cxd4 {[%emt 0:00:00]} Nc6 {[%emt 0:00:00]} 6. Nf3 {
[%emt 0:00:00]} e5 {[%emt 0:00:00]} 7. dxe5 {[%emt 0:00:00]} Qxd1+ {[%emt 0:00:
00]} 8. Kxd1 {[%emt 0:00:00]} Bg4 {[%emt 0:00:00]} 9. Bf4 {[%emt 0:00:00]}
O-O-O+ {[%emt 0:00:00]} 10. Nbd2 {[%emt 0:00:00]} Bb4 {[%emt 0:00:00]} 11. Be2
{[%emt 0:00:00]} Nge7 {[%emt 0:00:00]} 12. a3 {[%emt 0:00:00]} Ba5 {[%emt 0:00:
00]} 13. b4 {[%emt 0:00:00]} Bc7 {[%emt 0:00:00]} 14. Bg5 {[%emt 0:00:00]} Rhe8
{[%emt 0:00:00]} 15. Re1 {[%emt 0:00:00]} h6 {[%emt 0:00:00]} 16. b5 {[%emt 0:
00:00]} hxg5 {[%emt 0:00:00]} 17. bxc6 {[%emt 0:00:00]} Bxf3 {[%emt 0:00:00]}
18. Bxf3 {[%emt 0:00:00]} Nxc6 {[%emt 0:00:00]} 19. Bxc6 {[%emt 0:00:00]} bxc6
{[%emt 0:00:00]} 20. Rc1 {[%emt 0:00:00]} Re6 {[%emt 0:00:00]} 21. Kc2 {[%emt
0:00:00]} Rxe5 {[%emt 0:00:00]} 22. Rxe5 {[%emt 0:00:00]} Bxe5 {[%emt 0:00:00]}
23. Re1 {[%emt 0:00:00]} Bf6 {[%emt 0:00:00]} 24. Ne4 {[%emt 0:00:00]} Kc7 {
[%emt 0:00:00]} 25. Nxf6 {[%emt 0:00:00]} gxf6 {[%emt 0:00:00]} 26. Kc3 {[%emt
0:00:00]} Rd7 {[%emt 0:00:00]} 27. f3 {[%emt 0:00:00]} Kb6 {[%emt 0:00:00]} 28.
Re4 {[%emt 0:00:00]} Rd1 {[%emt 0:00:00]} 29. Re7 {[%emt 0:00:00]} Rg1 {[%emt
0:00:00]} 30. Rxf7 {[%emt 0:00:00]} Rxg2 {[%emt 0:00:00]} 31. Rxf6 {[%emt 0:00:
00]} Rxh2 {[%emt 0:00:00]} 32. Rf5 {[%emt 0:00:00]} Rg2 {[%emt 0:00:00]} 33.
Kb4 {[%emt 0:00:00]} g4 {[%emt 0:00:00]} 34. fxg4 {[%emt 0:00:00]} Rxg4+ {
[%emt 0:00:00]} 35. Kb3 {[%emt 0:00:00]} Rd4 {[%emt 0:00:00]} 36. a4 {[%emt 0:
00:00]} Rd5 {[%emt 0:00:00]} 37. Rf4 {[%emt 0:00:00]} Kc5 {[%emt 0:00:00]} 38.
Rf7 {[%emt 0:00:00]} a5 {[%emt 0:00:00]} 39. Rf6 {[%emt 0:00:00]} Rd3+ {[%emt
0:00:00]} 40. Kc2 {[%emt 0:00:00]} Rd6 {[%emt 0:00:00]} 41. Rf4 {[%emt 0:00:00]
} Rd4 {[%emt 0:00:00]} 42. Rf5+ {[%emt 0:00:00]} Kb4 {[%emt 0:00:00]} 43. Rf6 {
[%emt 0:00:00]} Rc4+ {[%emt 0:00:00]} 44. Kb2 {[%emt 0:00:00]} Kxa4 {[%emt 0:
00:00]} 45. Rf3 {[%emt 0:00:00]} Rh4 {[%emt 0:00:00]} 46. Ra3+ {[%emt 0:00:00]}
Kb5 {[%emt 0:00:00]} 47. Rg3 {[%emt 0:00:00]} Rh2+ {[%emt 0:00:00]} 48. Ka3 {
[%emt 0:00:00]} c5 {[%emt 0:00:00]} 49. Rc3 {[%emt 0:00:00]} Rd2 {[%emt 0:00:
00]} 50. Rh3 {[%emt 0:00:00]} Kc4 {[%emt 0:00:00]} 51. Rh4+ {[%emt 0:00:00]}
Kc3 {[%emt 0:00:00]} 52. Ra4 {[%emt 0:00:00]} c4 {[%emt 0:00:00]} 53. Rxa5 {
[%emt 0:00:00]} Rd8 {[%emt 0:00:00]} 54. Ka2 {[%emt 0:00:00]} Kc2 {[%emt 0:00:
00]} 55. Ka1 {[%emt 0:00:00]} Rd1+ {[%emt 0:00:00]} 56. Ka2 {[%emt 0:00:00]}
Rd7 {[%emt 0:00:00]} 57. Ka1 {[%emt 0:00:00]} c3 {[%emt 0:00:00]} 58. Ka2 {
[%emt 0:00:00]} Kd2 {[%emt 0:00:00]} 59. Rh5 {[%emt 0:00:00]} c2 {[%emt 0:00:
00]} 60. Rh2+ {[%emt 0:00:00]} Kc3 {[%emt 0:00:00]} 61. Rh3+ {[%emt 0:00:00]}
Rd3 {[%emt 0:00:00]} 62. Rh8 {[%emt 0:00:00]} c1=Q {[%emt 0:00:00]} 0-1

[Event "Otvoreno prvenstvo Paraæina za 2012. god"]
[Site "DCK - Paraæin"]
[Date "2012.01.29"]
[Round "9.6"]
[White "Zajic, Milan"]
[Black "Radosavljevic, Slobodan D"]
[Result "1/2-1/2"]
[WhiteElo "2142"]
[BlackElo "2231"]
[PlyCount "64"]
[EventDate "2012.01.20"]

1. c4 {[%emt 0:00:00]} Nf6 {[%emt 0:00:00]} 2. Nf3 {[%emt 0:00:00]} g6 {[%emt
0:00:00]} 3. b3 {[%emt 0:00:00]} Bg7 {[%emt 0:00:00]} 4. Bb2 {[%emt 0:00:00]}
c5 {[%emt 0:00:00]} 5. g3 {[%emt 0:00:00]} O-O {[%emt 0:00:00]} 6. Bg2 {[%emt
0:00:00]} Nc6 {[%emt 0:00:00]} 7. O-O {[%emt 0:00:00]} d6 {[%emt 0:00:00]} 8.
d4 {[%emt 0:00:00]} cxd4 {[%emt 0:00:00]} 9. Nxd4 {[%emt 0:00:00]} Bd7 {[%emt
0:00:00]} 10. Nc3 {[%emt 0:00:00]} Qa5 {[%emt 0:00:00]} 11. e3 {[%emt 0:00:00]}
Rfc8 {[%emt 0:00:00]} 12. Qe2 {[%emt 0:00:00]} Rab8 {[%emt 0:00:00]} 13. Rfd1 {
[%emt 0:00:00]} Bg4 {[%emt 0:00:00]} 14. f3 {[%emt 0:00:00]} Bd7 {[%emt 0:00:
00]} 15. Kh1 {[%emt 0:00:00]} a6 {[%emt 0:00:00]} 16. Nxc6 {[%emt 0:00:00]}
Bxc6 {[%emt 0:00:00]} 17. e4 {[%emt 0:00:00]} b5 {[%emt 0:00:00]} 18. Nd5 {
[%emt 0:00:00]} Bxd5 {[%emt 0:00:00]} 19. cxd5 {[%emt 0:00:00]} Nd7 {[%emt 0:
00:00]} 20. Bh3 {[%emt 0:00:00]} Rb7 {[%emt 0:00:00]} 21. Bxg7 {[%emt 0:00:00]}
Kxg7 {[%emt 0:00:00]} 22. Rac1 {[%emt 0:00:00]} Rxc1 {[%emt 0:00:00]} 23. Rxc1
{[%emt 0:00:00]} Rc7 {[%emt 0:00:00]} 24. Rxc7 {[%emt 0:00:00]} Qxc7 {[%emt 0:
00:00]} 25. Bxd7 {[%emt 0:00:00]} Qxd7 {[%emt 0:00:00]} 26. Qc2 {[%emt 0:00:00]
} Qa7 {[%emt 0:00:00]} 27. Qc3+ {[%emt 0:00:00]} f6 {[%emt 0:00:00]} 28. Kg2 {
[%emt 0:00:00]} Qc5 {[%emt 0:00:00]} 29. Qxc5 {[%emt 0:00:00]} dxc5 {[%emt 0:
00:00]} 30. f4 {[%emt 0:00:00]} Kf7 {[%emt 0:00:00]} 31. Kf3 {[%emt 0:00:00]}
Ke8 {[%emt 0:00:00]} 32. e5 {[%emt 0:00:00]} f5 {[%emt 0:00:00]} 1/2-1/2

[Event "Otvoreno prvenstvo Paraæina za 2012. god"]
[Site "DCK - Paraæin"]
[Date "2012.01.29"]
[Round "9.7"]
[White "Cvetanovic, Uros"]
[Black "Vebel, Goran"]
[Result "1-0"]
[WhiteElo "2214"]
[BlackElo "2123"]
[PlyCount "95"]
[EventDate "2012.01.20"]

1. e4 {[%emt 0:00:00]} c5 {[%emt 0:00:00]} 2. Nf3 {[%emt 0:00:00]} d6 {[%emt 0:
00:00]} 3. d4 {[%emt 0:00:00]} cxd4 {[%emt 0:00:00]} 4. Nxd4 {[%emt 0:00:00]}
Nf6 {[%emt 0:00:00]} 5. Nc3 {[%emt 0:00:00]} g6 {[%emt 0:00:00]} 6. f3 {[%emt
0:00:00]} Bg7 {[%emt 0:00:00]} 7. Be3 {[%emt 0:00:00]} O-O {[%emt 0:00:00]} 8.
Qd2 {[%emt 0:00:00]} Nc6 {[%emt 0:00:00]} 9. O-O-O {[%emt 0:00:00]} d5 {[%emt
0:00:00]} 10. exd5 {[%emt 0:00:00]} Nxd5 {[%emt 0:00:00]} 11. Nxc6 {[%emt 0:00:
00]} bxc6 {[%emt 0:00:00]} 12. Bd4 {[%emt 0:00:00]} e5 {[%emt 0:00:00]} 13. Bc5
{[%emt 0:00:00]} Be6 {[%emt 0:00:00]} 14. Ne4 {[%emt 0:00:00]} Re8 {[%emt 0:00:
00]} 15. Bc4 {[%emt 0:00:00]} Nf4 {[%emt 0:00:00]} 16. Bxe6 {[%emt 0:00:00]}
Nxe6 {[%emt 0:00:00]} 17. Qxd8 {[%emt 0:00:00]} Rexd8 {[%emt 0:00:00]} 18. Be7
{[%emt 0:00:00]} Rxd1+ {[%emt 0:00:00]} 19. Rxd1 {[%emt 0:00:00]} f5 {[%emt 0:
00:00]} 20. Nd2 {[%emt 0:00:00]} Re8 {[%emt 0:00:00]} 21. Ba3 {[%emt 0:00:00]}
Nf4 {[%emt 0:00:00]} 22. g3 {[%emt 0:00:00]} Ne2+ {[%emt 0:00:00]} 23. Kb1 {
[%emt 0:00:00]} Rd8 {[%emt 0:00:00]} 24. c3 {[%emt 0:00:00]} Bh6 {[%emt 0:00:
00]} 25. Kc2 {[%emt 0:00:00]} Rxd2+ {[%emt 0:00:00]} 26. Rxd2 {[%emt 0:00:00]}
Bxd2 {[%emt 0:00:00]} 27. Kxd2 {[%emt 0:00:00]} Ng1 {[%emt 0:00:00]} 28. Ke3 {
[%emt 0:00:00]} Kf7 {[%emt 0:00:00]} 29. Bc5 {[%emt 0:00:00]} a6 {[%emt 0:00:
00]} 30. Bb6 {[%emt 0:00:00]} Nh3 {[%emt 0:00:00]} 31. a4 {[%emt 0:00:00]} Ke6
{[%emt 0:00:00]} 32. c4 {[%emt 0:00:00]} Ng5 {[%emt 0:00:00]} 33. h4 {[%emt 0:
00:00]} Nf7 {[%emt 0:00:00]} 34. Kd3 {[%emt 0:00:00]} Nd6 {[%emt 0:00:00]} 35.
b4 {[%emt 0:00:00]} e4+ {[%emt 0:00:00]} 36. fxe4 {[%emt 0:00:00]} fxe4+ {
[%emt 0:00:00]} 37. Kc3 {[%emt 0:00:00]} Nf5 {[%emt 0:00:00]} 38. Bc7 {[%emt 0:
00:00]} h6 {[%emt 0:00:00]} 39. a5 {[%emt 0:00:00]} g5 {[%emt 0:00:00]} 40. h5
{[%emt 0:00:00]} Ng7 {[%emt 0:00:00]} 41. g4 {[%emt 0:00:00]} Ne8 {[%emt 0:00:
00]} 42. Bg3 {[%emt 0:00:00]} Nf6 {[%emt 0:00:00]} 43. Kd4 {[%emt 0:00:00]}
Nxg4 {[%emt 0:00:00]} 44. b5 {[%emt 0:00:00]} cxb5 {[%emt 0:00:00]} 45. cxb5 {
[%emt 0:00:00]} Kd7 {[%emt 0:00:00]} 46. Kc5 {[%emt 0:00:00]} axb5 {[%emt 0:00:
00]} 47. a6 {[%emt 0:00:00]} Kc8 {[%emt 0:00:00]} 48. Kc6 {[%emt 0:00:00]} 1-0

[Event "Otvoreno prvenstvo Paraæina za 2012. god"]
[Site "DCK - Paraæin"]
[Date "2012.01.29"]
[Round "9.8"]
[White "Stefanovic, Vladimir"]
[Black "Djuretanovic, Ivan"]
[Result "1/2-1/2"]
[WhiteElo "2187"]
[BlackElo "2063"]
[PlyCount "73"]
[EventDate "2012.01.20"]

1. c4 {[%emt 0:00:00]} Nf6 {[%emt 0:00:00]} 2. Nf3 {[%emt 0:00:00]} e6 {[%emt
0:00:00]} 3. g3 {[%emt 0:00:00]} c5 {[%emt 0:00:00]} 4. Bg2 {[%emt 0:00:00]}
Nc6 {[%emt 0:00:00]} 5. O-O {[%emt 0:00:00]} Be7 {[%emt 0:00:00]} 6. Nc3 {
[%emt 0:00:00]} O-O {[%emt 0:00:00]} 7. d4 {[%emt 0:00:00]} d5 {[%emt 0:00:00]}
8. cxd5 {[%emt 0:00:00]} Nxd5 {[%emt 0:00:00]} 9. Nxd5 {[%emt 0:00:00]} exd5 {
[%emt 0:00:00]} 10. dxc5 {[%emt 0:00:00]} Bxc5 {[%emt 0:00:00]} 11. b3 {[%emt
0:00:00]} d4 {[%emt 0:00:00]} 12. Bb2 {[%emt 0:00:00]} Bf5 {[%emt 0:00:00]} 13.
Rc1 {[%emt 0:00:00]} Bb6 {[%emt 0:00:00]} 14. Nh4 {[%emt 0:00:00]} Be6 {[%emt
0:00:00]} 15. Qd3 {[%emt 0:00:00]} Qd7 {[%emt 0:00:00]} 16. Qb5 {[%emt 0:00:00]
} Rac8 {[%emt 0:00:00]} 17. Rfd1 {[%emt 0:00:00]} Rfd8 {[%emt 0:00:00]} 18. Nf3
{[%emt 0:00:00]} Qe7 {[%emt 0:00:00]} 19. Qa4 {[%emt 0:00:00]} Bf5 {[%emt 0:00:
00]} 20. Qb5 {[%emt 0:00:00]} Be4 {[%emt 0:00:00]} 21. Qg5 {[%emt 0:00:00]} f6
{[%emt 0:00:00]} 22. Qb5 {[%emt 0:00:00]} Kh8 {[%emt 0:00:00]} 23. Qa4 {[%emt
0:00:00]} d3 {[%emt 0:00:00]} 24. exd3 {[%emt 0:00:00]} Rxd3 {[%emt 0:00:00]}
25. Rxd3 {[%emt 0:00:00]} Bxd3 {[%emt 0:00:00]} 26. Re1 {[%emt 0:00:00]} Qc5 {
[%emt 0:00:00]} 27. Bd4 {[%emt 0:00:00]} Qa5 {[%emt 0:00:00]} 28. Qxa5 {[%emt
0:00:00]} Bxa5 {[%emt 0:00:00]} 29. Rc1 {[%emt 0:00:00]} Rd8 {[%emt 0:00:00]}
30. Be3 {[%emt 0:00:00]} Be2 {[%emt 0:00:00]} 31. a3 {[%emt 0:00:00]} Bc3 {
[%emt 0:00:00]} 32. h4 {[%emt 0:00:00]} Rd1+ {[%emt 0:00:00]} 33. Kh2 {[%emt 0:
00:00]} Rxc1 {[%emt 0:00:00]} 34. Bxc1 {[%emt 0:00:00]} Na5 {[%emt 0:00:00]}
35. Bd2 {[%emt 0:00:00]} Bxf3 {[%emt 0:00:00]} 36. Bxc3 {[%emt 0:00:00]} Bxg2 {
[%emt 0:00:00]} 37. Bxa5 {[%emt 0:00:00]} 1/2-1/2

[Event "Otvoreno prvenstvo Paraæina za 2012. god"]
[Site "DCK - Paraæin"]
[Date "2012.01.29"]
[Round "9.9"]
[White "Mladenovic, Stefan"]
[Black "Radovanovic, Nikola"]
[Result "1/2-1/2"]
[WhiteElo "2181"]
[BlackElo "2092"]
[PlyCount "60"]
[EventDate "2012.01.20"]

1. d4 {[%emt 0:00:00]} Nf6 {[%emt 0:00:00]} 2. c4 {[%emt 0:00:00]} g6 {[%emt 0:
00:00]} 3. Nc3 {[%emt 0:00:00]} Bg7 {[%emt 0:00:00]} 4. e4 {[%emt 0:00:00]} d6
{[%emt 0:00:00]} 5. Bd3 {[%emt 0:00:00]} Nbd7 {[%emt 0:00:00]} 6. Nge2 {[%emt
0:00:00]} c5 {[%emt 0:00:00]} 7. d5 {[%emt 0:00:00]} e6 {[%emt 0:00:00]} 8. O-O
{[%emt 0:00:00]} exd5 {[%emt 0:00:00]} 9. cxd5 {[%emt 0:00:00]} O-O {[%emt 0:
00:00]} 10. a3 {[%emt 0:00:00]} a6 {[%emt 0:00:00]} 11. Rb1 {[%emt 0:00:00]} b5
{[%emt 0:00:00]} 12. b4 {[%emt 0:00:00]} Re8 {[%emt 0:00:00]} 13. a4 {[%emt 0:
00:00]} bxa4 {[%emt 0:00:00]} 14. Ba3 {[%emt 0:00:00]} cxb4 {[%emt 0:00:00]}
15. Bxb4 {[%emt 0:00:00]} Ne5 {[%emt 0:00:00]} 16. Bc2 {[%emt 0:00:00]} a5 {
[%emt 0:00:00]} 17. Ba3 {[%emt 0:00:00]} Nc4 {[%emt 0:00:00]} 18. Ra1 {[%emt 0:
00:00]} Ng4 {[%emt 0:00:00]} 19. Bxa4 {[%emt 0:00:00]} Bd7 {[%emt 0:00:00]} 20.
Bxd7 {[%emt 0:00:00]} Qxd7 {[%emt 0:00:00]} 21. Qd3 {[%emt 0:00:00]} Nge5 {
[%emt 0:00:00]} 22. Qg3 {[%emt 0:00:00]} h5 {[%emt 0:00:00]} 23. h3 {[%emt 0:
00:00]} h4 {[%emt 0:00:00]} 24. Qf4 {[%emt 0:00:00]} Reb8 {[%emt 0:00:00]} 25.
Bc1 {[%emt 0:00:00]} Rb3 {[%emt 0:00:00]} 26. Ra2 {[%emt 0:00:00]} Nd3 {[%emt
0:00:00]} 27. Qf3 {[%emt 0:00:00]} Nb4 {[%emt 0:00:00]} 28. Ra1 {[%emt 0:00:00]
} Ne5 {[%emt 0:00:00]} 29. Qf4 {[%emt 0:00:00]} Nc4 {[%emt 0:00:00]} 30. Qf3 {
[%emt 0:00:00]} Ne5 {[%emt 0:00:00]} 1/2-1/2

[Event "Otvoreno prvenstvo Paraæina za 2012. god"]
[Site "DCK - Paraæin"]
[Date "2012.01.29"]
[Round "9.10"]
[White "Popovic, Djordje D"]
[Black "Stojanovic, Vladimir M"]
[Result "1/2-1/2"]
[WhiteElo "2260"]
[BlackElo "1939"]
[PlyCount "178"]
[EventDate "2012.01.20"]

1. d4 {[%emt 0:00:00]} Nf6 {[%emt 0:00:00]} 2. c4 {[%emt 0:00:00]} c5 {[%emt 0:
00:00]} 3. d5 {[%emt 0:00:00]} e5 {[%emt 0:00:00]} 4. Nc3 {[%emt 0:00:00]} d6 {
[%emt 0:00:00]} 5. e4 {[%emt 0:00:00]} Nbd7 {[%emt 0:00:00]} 6. Nf3 {[%emt 0:
00:00]} Be7 {[%emt 0:00:00]} 7. Be2 {[%emt 0:00:00]} Nf8 {[%emt 0:00:00]} 8.
O-O {[%emt 0:00:00]} Ng6 {[%emt 0:00:00]} 9. Ne1 {[%emt 0:00:00]} O-O {[%emt 0:
00:00]} 10. Nd3 {[%emt 0:00:00]} Ne8 {[%emt 0:00:00]} 11. a3 {[%emt 0:00:00]}
a5 {[%emt 0:00:00]} 12. f3 {[%emt 0:00:00]} Bd7 {[%emt 0:00:00]} 13. b3 {[%emt
0:00:00]} Bg5 {[%emt 0:00:00]} 14. g3 {[%emt 0:00:00]} Bxc1 {[%emt 0:00:00]}
15. Qxc1 {[%emt 0:00:00]} f5 {[%emt 0:00:00]} 16. exf5 {[%emt 0:00:00]} Bxf5 {
[%emt 0:00:00]} 17. Nf2 {[%emt 0:00:00]} Nc7 {[%emt 0:00:00]} 18. Qd2 {[%emt 0:
00:00]} Ne7 {[%emt 0:00:00]} 19. Nce4 {[%emt 0:00:00]} Bxe4 {[%emt 0:00:00]}
20. fxe4 {[%emt 0:00:00]} Qe8 {[%emt 0:00:00]} 21. Qg5 {[%emt 0:00:00]} h6 {
[%emt 0:00:00]} 22. Qh4 {[%emt 0:00:00]} Kh7 {[%emt 0:00:00]} 23. Bh5 {[%emt 0:
00:00]} g6 {[%emt 0:00:00]} 24. Be2 {[%emt 0:00:00]} Ng8 {[%emt 0:00:00]} 25.
Ng4 {[%emt 0:00:00]} Kg7 {[%emt 0:00:00]} 26. Rxf8 {[%emt 0:00:00]} Qxf8 {
[%emt 0:00:00]} 27. Rf1 {[%emt 0:00:00]} Qd8 {[%emt 0:00:00]} 28. Qh3 {[%emt 0:
00:00]} Qg5 {[%emt 0:00:00]} 29. Qg2 {[%emt 0:00:00]} h5 {[%emt 0:00:00]} 30.
Nf2 {[%emt 0:00:00]} Qe3 {[%emt 0:00:00]} 31. Qf3 {[%emt 0:00:00]} Qxf3 {[%emt
0:00:00]} 32. Bxf3 {[%emt 0:00:00]} b5 {[%emt 0:00:00]} 33. Be2 {[%emt 0:00:00]
} bxc4 {[%emt 0:00:00]} 34. Bxc4 {[%emt 0:00:00]} Rb8 {[%emt 0:00:00]} 35. Rb1
{[%emt 0:00:00]} Ne8 {[%emt 0:00:00]} 36. Nd1 {[%emt 0:00:00]} Ngf6 {[%emt 0:
00:00]} 37. Nc3 {[%emt 0:00:00]} Kf7 {[%emt 0:00:00]} 38. Re1 {[%emt 0:00:00]}
Nc7 {[%emt 0:00:00]} 39. Kg2 {[%emt 0:00:00]} Ke7 {[%emt 0:00:00]} 40. h3 {
[%emt 0:00:00]} Nd7 {[%emt 0:00:00]} 41. Rb1 {[%emt 0:00:00]} Nb6 {[%emt 0:00:
00]} 42. Bd3 {[%emt 0:00:00]} Nd7 {[%emt 0:00:00]} 43. Kf3 {[%emt 0:00:00]}
Rf8+ {[%emt 0:00:00]} 44. Ke3 {[%emt 0:00:00]} Rb8 {[%emt 0:00:00]} 45. Be2 {
[%emt 0:00:00]} Nf6 {[%emt 0:00:00]} 46. Bc4 {[%emt 0:00:00]} g5 {[%emt 0:00:
00]} 47. Rf1 {[%emt 0:00:00]} Rf8 {[%emt 0:00:00]} 48. Be2 {[%emt 0:00:00]} g4
{[%emt 0:00:00]} 49. Rh1 {[%emt 0:00:00]} Rg8 {[%emt 0:00:00]} 50. hxg4 {[%emt
0:00:00]} hxg4 {[%emt 0:00:00]} 51. Rh4 {[%emt 0:00:00]} Rb8 {[%emt 0:00:00]}
52. Bc4 {[%emt 0:00:00]} Rg8 {[%emt 0:00:00]} 53. Kd2 {[%emt 0:00:00]} Rg7 {
[%emt 0:00:00]} 54. Be2 {[%emt 0:00:00]} Rg8 {[%emt 0:00:00]} 55. Kc2 {[%emt 0:
00:00]} Rg7 {[%emt 0:00:00]} 56. Kd3 {[%emt 0:00:00]} Rg8 {[%emt 0:00:00]} 57.
Kc4 {[%emt 0:00:00]} Rg5 {[%emt 0:00:00]} 58. Bd1 {[%emt 0:00:00]} Rh5 {[%emt
0:00:00]} 59. Rxh5 {[%emt 0:00:00]} Nxh5 {[%emt 0:00:00]} 60. Bxg4 {[%emt 0:00:
00]} Nxg3 {[%emt 0:00:00]} 61. Bf3 {[%emt 0:00:00]} Nf1 {[%emt 0:00:00]} 62.
Kd3 {[%emt 0:00:00]} Nh2 {[%emt 0:00:00]} 63. Be2 {[%emt 0:00:00]} Kf6 {[%emt
0:00:00]} 64. a4 {[%emt 0:00:00]} Kg5 {[%emt 0:00:00]} 65. Ke3 {[%emt 0:00:00]}
Ng4+ {[%emt 0:00:00]} 66. Bxg4 {[%emt 0:00:00]} Kxg4 {[%emt 0:00:00]} 67. Nb5 {
[%emt 0:00:00]} Ne8 {[%emt 0:00:00]} 68. Na7 {[%emt 0:00:00]} Kg3 {[%emt 0:00:
00]} 69. Nc6 {[%emt 0:00:00]} Nf6 {[%emt 0:00:00]} 70. Nxa5 {[%emt 0:00:00]}
Ng4+ {[%emt 0:00:00]} 71. Kd3 {[%emt 0:00:00]} Kf3 {[%emt 0:00:00]} 72. Nc4 {
[%emt 0:00:00]} Nf2+ {[%emt 0:00:00]} 73. Kc2 {[%emt 0:00:00]} Kxe4 {[%emt 0:
00:00]} 74. Nxd6+ {[%emt 0:00:00]} Kxd5 {[%emt 0:00:00]} 75. Nc4 {[%emt 0:00:
00]} e4 {[%emt 0:00:00]} 76. Kd2 {[%emt 0:00:00]} Nd3 {[%emt 0:00:00]} 77. Kc3
{[%emt 0:00:00]} Nb4 {[%emt 0:00:00]} 78. Ne3+ {[%emt 0:00:00]} Kc6 {[%emt 0:
00:00]} 79. Kc4 {[%emt 0:00:00]} Nd3 {[%emt 0:00:00]} 80. Ng4 {[%emt 0:00:00]}
Nf4 {[%emt 0:00:00]} 81. a5 {[%emt 0:00:00]} Ng6 {[%emt 0:00:00]} 82. a6 {
[%emt 0:00:00]} Kb6 {[%emt 0:00:00]} 83. a7 {[%emt 0:00:00]} Kxa7 {[%emt 0:00:
00]} 84. Kxc5 {[%emt 0:00:00]} Nh4 {[%emt 0:00:00]} 85. Ne3 {[%emt 0:00:00]}
Nf3 {[%emt 0:00:00]} 86. b4 {[%emt 0:00:00]} Ne5 {[%emt 0:00:00]} 87. b5 {
[%emt 0:00:00]} Nd3+ {[%emt 0:00:00]} 88. Kc6 {[%emt 0:00:00]} Nb4+ {[%emt 0:
00:00]} 89. Kc7 {[%emt 0:00:00]} Na6+ {[%emt 0:00:00]} 1/2-1/2

[Event "Otvoreno prvenstvo Paraæina za 2012. god"]
[Site "DCK - Paraæin"]
[Date "2012.01.29"]
[Round "9.11"]
[White "Vaskovic, Dragan"]
[Black "Colovic, Zoran"]
[Result "0-1"]
[WhiteElo "1818"]
[BlackElo "2168"]
[PlyCount "70"]
[EventDate "2012.01.20"]

1. e4 {[%emt 0:00:00]} c5 {[%emt 0:00:00]} 2. c4 {[%emt 0:00:00]} Nc6 {[%emt 0:
00:00]} 3. g3 {[%emt 0:00:00]} Nf6 {[%emt 0:00:00]} 4. Bg2 {[%emt 0:00:00]} d6
{[%emt 0:00:00]} 5. d3 {[%emt 0:00:00]} g6 {[%emt 0:00:00]} 6. Nc3 {[%emt 0:00:
00]} Bg7 {[%emt 0:00:00]} 7. Nge2 {[%emt 0:00:00]} O-O {[%emt 0:00:00]} 8. O-O
{[%emt 0:00:00]} a6 {[%emt 0:00:00]} 9. h3 {[%emt 0:00:00]} Bd7 {[%emt 0:00:00]
} 10. Be3 {[%emt 0:00:00]} Rb8 {[%emt 0:00:00]} 11. Qd2 {[%emt 0:00:00]} Re8 {
[%emt 0:00:00]} 12. Bh6 {[%emt 0:00:00]} Bh8 {[%emt 0:00:00]} 13. g4 {[%emt 0:
00:00]} b5 {[%emt 0:00:00]} 14. Rab1 {[%emt 0:00:00]} b4 {[%emt 0:00:00]} 15.
Nd1 {[%emt 0:00:00]} a5 {[%emt 0:00:00]} 16. b3 {[%emt 0:00:00]} Qc8 {[%emt 0:
00:00]} 17. Ne3 {[%emt 0:00:00]} e5 {[%emt 0:00:00]} 18. f4 {[%emt 0:00:00]}
Nd4 {[%emt 0:00:00]} 19. f5 {[%emt 0:00:00]} Bc6 {[%emt 0:00:00]} 20. Rf2 {
[%emt 0:00:00]} Nd7 {[%emt 0:00:00]} 21. Rbf1 {[%emt 0:00:00]} Re7 {[%emt 0:00:
00]} 22. fxg6 {[%emt 0:00:00]} hxg6 {[%emt 0:00:00]} 23. Nxd4 {[%emt 0:00:00]}
cxd4 {[%emt 0:00:00]} 24. Nf5 {[%emt 0:00:00]} Re6 {[%emt 0:00:00]} 25. Nh4 {
[%emt 0:00:00]} Rf6 {[%emt 0:00:00]} 26. Qg5 {[%emt 0:00:00]} Rxf2 {[%emt 0:00:
00]} 27. Rxf2 {[%emt 0:00:00]} Qd8 {[%emt 0:00:00]} 28. Qxd8+ {[%emt 0:00:00]}
Rxd8 {[%emt 0:00:00]} 29. Bg5 {[%emt 0:00:00]} Re8 {[%emt 0:00:00]} 30. Kf1 {
[%emt 0:00:00]} Nc5 {[%emt 0:00:00]} 31. Ke2 {[%emt 0:00:00]} a4 {[%emt 0:00:
00]} 32. bxa4 {[%emt 0:00:00]} Bxa4 {[%emt 0:00:00]} 33. Nf3 {[%emt 0:00:00]}
Bc2 {[%emt 0:00:00]} 34. Ne1 {[%emt 0:00:00]} Bb1 {[%emt 0:00:00]} 35. Bf1 {
[%emt 0:00:00]} Bxa2 {[%emt 0:00:00]} 0-1